| 000 | 00848nam a2200253Ia 4500 | ||
|---|---|---|---|
| 001 | Para_6878 | ||
| 003 | CHAP | ||
| 008 | 220125s1984 xx 000 0 und d | ||
| 010 | _a205656 | ||
| 040 | _cCHAP | ||
| 082 | _aPA 630.72 I47 | ||
| 110 |
_aInstituto Nacional de Investigaciones Agrícolas. México (CIAN) _9167220 |
||
| 245 |
_aGuía para la asistencia técnica Agrícola : _b área de influencia del Campo Agrícola Experimental Sierra de Chihuahua / _c por Instituto Nacional de Investigaciones Agrícolas |
||
| 260 |
_aMéxico, D.F. : _b INIA. CIAN |
||
| 300 | _a115 p. | ||
| 650 |
_aAgricultura _x investigación _x Chihuahua _91598 |
||
| 901 | _aPA 630.72 I47 | ||
| 902 | _aA | ||
| 905 | _a0000001984 a 0000000000 00 | ||
| 910 | _a1984 | ||
| 942 | _cPARA | ||
| 942 |
_cPARA _d1 |
||
| 999 |
_c205656 _d205656 |
||